Central Library OPAC University of Rajshahi

Canadian federation: its origins and achievement; (Record no. 35728)

MARC details
000 -LEADER
fixed length control field 00861cam a2200265 4500
001 - CONTROL NUMBER
control field 35728
003 - CONTROL NUMBER IDENTIFIER
rucl marc code BD-RjUL
005 - DATE AND TIME OF LATEST TRANSACTION
control field 20211209052353.0
008 - FIXED-LENGTH DATA ELEMENTS--GENERAL INFORMATION
fixed length control field 140531r19711924nyub b 001 0 eng
035 ## - SYSTEM CONTROL NUMBER
System control number (BD-RjUL)35823
040 ## - CATALOGING SOURCE
Original cataloging agency DLC
Transcribing agency DLC
Modifying agency DLC
Language of cataloging eng
041 ## - LANGUAGE CODE
Language code of text/sound track or separate title eng
082 00 - DEWEY DECIMAL CLASSIFICATION NUMBER
Classification number 971.02
Author mark and year TRC 1971
100 1# - MAIN ENTRY--PERSONAL NAME
Personal name Trotter, Reginald George,
Dates associated with a name 1888-1951.
9 (RLIN) 108817
245 10 - TITLE STATEMENT
Title Canadian federation: its origins and achievement;
Remainder of title a study in nation building.
260 ## - PUBLICATION, DISTRIBUTION, ETC. (IMPRINT)
Place of publication, distribution, etc. New York :
Name of publisher, distributor, etc. Russell & Russell ;
Date of publication, distribution, etc. 1971
300 ## - PHYSICAL DESCRIPTION
Pagination xiv, 348 p. :
Illustrations fold. map.
Size 22 cm.
500 ## - GENERAL NOTE
General note Reprint of the 1924 ed.
504 ## - BIBLIOGRAPHY, ETC. NOTE
Bibliography, etc Bibliography: p. 321-332.
651 #0 - SUBJECT ADDED ENTRY--GEOGRAPHIC NAME
Geographic name Canada
General subdivision History
Chronological subdivision 1763-1867.
9 (RLIN) 84288
856 41 - ELECTRONIC LOCATION AND ACCESS
Materials specified Table of contents
Uniform Resource Identifier <a href="http://www.loc.gov/catdir/toc/fy0605/72151225.html">http://www.loc.gov/catdir/toc/fy0605/72151225.html</a>
942 ## - ADDED ENTRY ELEMENTS (KOHA)
Source of classification or shelving scheme Dewey Decimal Classification
Koha item type Books
Holdings
Lost status Source of classification or shelving scheme Damaged status Not for loan Collection code Permanent Location Current Location Shelving location Date acquired Total Checkouts Full call number Date last seen Copy number Koha item type
  Dewey Decimal Classification   Not For Loan Non-fiction Central Library, University of Rajshahi Central Library, University of Rajshahi Reading Room 03/09/1985   971.02 TRC 1971 31/05/2014 C-1 Books
  Dewey Decimal Classification     Non-fiction Central Library, University of Rajshahi Central Library, University of Rajshahi   22/08/1994   971.02 TRC 1971 31/05/2014 C-3 Books
  Dewey Decimal Classification     Non-fiction Central Library, University of Rajshahi Central Library, University of Rajshahi   13/06/1989   971.02 TRC 1971 09/05/2016 C-2 Books
  Dewey Decimal Classification     Non-fiction Central Library, University of Rajshahi Central Library, University of Rajshahi   13/06/1989   971.02 TRC 1971 09/05/2016 C-4 Books